000
00278 a2200121 4500
001
155140
040
_c
Escola São Tomás de Aquino
240
1
0
_a
Parques Nacionais Brasil
_l
por
245
1
0
_a
Parques Nacionais Brasil
362
0
_a
2002
697
_a
GENERALIDADES
942
_c
BK
999
_c
155140
_d
155140